LIBRARY & INFORMATION CENTRE, KCAET, TAVANUR

ONLINE PUBLIC ACCESS CATALOGUE (OPAC)

Science and practice of welding (Record no. 1710)

MARC details
000 -LEADER
fixed length control field 00344cam a2200145ua 4500
041 ## - LANGUAGE CODE
Language code of text/sound track or separate title eng
082 ## - DEWEY DECIMAL CLASSIFICATION NUMBER
Classification number 671.52
Item number DAV/SC
100 ## - MAIN ENTRY--AUTHOR NAME
Personal name Davies, A C .
245 ## - TITLE STATEMENT
Title Science and practice of welding
260 ## - PUBLICATION, DISTRIBUTION, ETC. (IMPRINT)
Place of publication London :
Name of publisher Cambridge at the University Press ,
Year of publication 1963.
300 ## - PHYSICAL DESCRIPTION
Number of Pages 640 ; .
942 ## - ADDED ENTRY ELEMENTS (KOHA)
Koha item type Books
Holdings
Withdrawn status Lost status Damaged status Home library Current library Date acquired Full call number Accession Number Koha item type
      KAUAET KAUAET 07/04/2012 671.52 3927 Books
free website counter